| 000 | 00460nam a22001697a 4500 | ||
|---|---|---|---|
| 003 | OSt | ||
| 005 | 20260420111516.0 | ||
| 008 | 260420b |||||||| |||| 00| 0 eng d | ||
| 020 | _a9789354473630 | ||
| 040 | _c. | ||
| 082 | _a320.954 BAT | ||
| 100 | _aBatabyal Rakesh | ||
| 245 |
_aBUILDING A FREE INDIA DEFINING SPEECHES OF OUR INDEPENDENCE MOVEMENT THAT SHAPED THE NATION/ _bby Rakesh Batabyal |
||
| 300 | _aPB | ||
| 365 | _bRs. 599 | ||
| 942 |
_2ddc _cBK |
||
| 999 |
_c217934 _d217934 |
||